Nudos: manual práctico para hacer paso a paso más de 100 nudos

I tiakina i:
Ngā taipitopito rārangi puna kōrero
Kaituhi matua: Perry, Gordon (Author)
Hōputu: Pukapuka
Reo:Pāniora
I whakaputaina: Barcelona Paidotribo 2007
Putanga:1a. ed
Ngā marau:
Ngā Tūtohu: Tāpirihia he Tūtohu
Kāore He Tūtohu, Me noho koe te mea tuatahi ki te tūtohu i tēnei pūkete!

MARC

LEADER 00000nam a2200000 a 4500
001 UCG3718
003 CL-VaPUC
008 100909e20070000SP |||||||||||||||||spa|d
020 |a 9788480196765 
082 0 4 |a 623.8882  |b PER  |2 21 
100 0 |a Perry, Gordon  |e author  |9 553020 
245 1 0 |a Nudos: manual práctico para hacer paso a paso más de 100 nudos 
250 |a 1a. ed 
300 |a 224 p 
942 |c BK 
945 |d 20100909 00:00:00  |a mfarfan 
260 |a Barcelona  |b Paidotribo  |c 2007 
650 0 |a Nudos  |9 325083 
650 7 |a CUERDAS  |2 CL-VaPUC  |9 430584 
650 7 |a MANIOBRAS NAUTICAS  |2 CL-VaPUC  |9 552605 
583 |a last modification  |c 20100909 00:00:00  |k Rodrigo Vera 
999 |c 342749  |d 342747 
952 |0 0  |1 0  |4 0  |6 623_888200000000000_PER_2007  |7 0  |8 C  |9 439239  |a BIBCUR  |b BIBCUR  |d 2019-11-22  |i 4714741  |o 623.8882 PER 2007  |p 4714741  |r 2025-04-22  |w 2019-11-22  |y BK  |k DEN